000 00426nam a2200169Ia 4500
008 230524s9999 xx 000 0 und d
020 _a9788131774342
082 _aHF5387.5.I4
_bFER
100 _aA. C. Fernando
245 0 _aBusiness Ethics: An Indian Perspective
250 _a2
260 _aNew Delhi
_bPearson
_c2016
300 _a"XXV,549p;"
500 _aQuantity Number: 1
650 _aManagement
942 _cBK
999 _c57962
_d57962